[Event "RUS-ch"]
[Site "Krasnodar"]
[Date "2002.08.27"]
[Round "1"]
[White "Turov, Maxim"]
[Black "Volkov, Sergey"]
[Result "1-0"]
[WhiteElo "2518"]
[BlackElo "2636"]
[Annotator "Ribli,Z"]
[PlyCount "67"]
[EventDate "2002.08.27"]
[EventType "swiss"]
[EventRounds "9"]
[EventCountry "RUS"]
[SourceTitle "CBM 091"]
[Source "ChessBase"]
[SourceDate "2002.11.12"]
[SourceVersion "1"]
[SourceVersionDate "2002.11.12"]
[SourceQuality "1"]

1. c4 Nf6 2. Nc3 e5 3. Nf3 Nc6 4. a3 {Diese - auf den ersten Blick bescheidene
- Variante ist relativ populär in der letzten Zeit. Weiß verhindert die
Varianten mit Bb4 und im Falle von 4...d5 5.cxd5 Nxd5 möchte er eigentlich
eine Sizilianische Verteidigung (Paulsen Variante) mit Mehrtempo spielen.} g6
5. g3 Nd4 {Dieser Zug gefällt mir nicht, aber ich muss anmerken, dass ohne die
Züge 4.a3 g6 dieser Zug (4.g3 Nd4) eine theoretische Variante ist.} (5... Bg7
6. Bg2 O-O 7. O-O d6 8. d3 a5 9. Rb1) 6. Bg2 (6. Nxe5 $2 Qe7 7. f4 d6 $36) 6...
Nxf3+ 7. Bxf3 Bg7 8. d3 (8. O-O O-O 9. d3 d6 10. Bg5 h6 11. Bxf6 Qxf6 12. Rb1
Qd8 13. Bg2 h5 14. Rc1 c6 15. e3 Be6 16. b4 a6 17. Qd2 h4 18. a4 d5 {1/2-1/2
Poluljahov,A-Najer,E/Samara 2000/CBM 78 (56)}) 8... h6 $6 (8... O-O) (8... d6)
9. h4 $1 $14 {[%csl Gf3][%cal Gh4h5,Gf3a8] Weiß möchte sich entweder mit 10.h5
die Initiative am Königsflügel verschaffen oder den Zug 9...h5 provozieren.
Ich muss auch bemerken, dass der f3B sehr aktiv steht, während die Diagonale
des g7-Läufers geschlossen ist.} d6 (9... h5 10. Bg5 $14 {[%csl Gg5][%cal
Gg5d8]}) 10. h5 gxh5 $2 {[%mdl 16384] Nach diesem Zug ist die schwarze
Bauernstruktur am Damenflügel geschwächt.} (10... g5 $142 $14) 11. Nd5 $1 {
Mit diesem Zug möchte Weiß die Unterstützung des h5-Bauern tauschen.} Nxd5 (
11... Bg4 12. Nxf6+ Bxf6 13. Bxb7 Rb8 14. Bc6+ $16) 12. cxd5 Bg4 13. e4 Qd7 (
13... Bxf3 14. Qxf3 $16 {[%csl Rh5]}) 14. Be2 {[%cal Rf2f3,Rf3g4] Nach diesem
Zug muss Schwarz in einigen Varianten mit f2-f3 rechnen - der g4B steht
weniger gut, aber nach dem Läufertausch bleibt Ph5 unverteidigt.} Qb5 (14...
Bf6 15. Be3 $14) 15. a4 (15. Bxg4 hxg4 16. Qxg4 $14) 15... Qb4+ (15... Qb6 16.
a5 $14) (15... Bxe2 16. Qxe2 Qb4+ 17. Qd2 $14) 16. Bd2 Qxb2 {Schwarz spielt
sehr riskant - sein König steht in der Mitte und der Gegner hat eine
gefährliche Initiative.} (16... Qb6 17. Bxg4 hxg4 18. Qxg4 $16) 17. Rb1 Bxe2
18. Kxe2 {[%csl Rb2,Ge2] Der König steht nicht schlecht auf e2, während sich
die schwarze Dame in großer Not befindet.} (18. Rxb2 $2 Bxd1 19. Kxd1 O-O-O 20.
Rxh5 $44) 18... Qa2 (18... Qd4 19. Rxb7 $36) 19. Ra1 (19. Rxb7 {Dieser Zug
wäre sofort möglich - in der Partie spielt Weiß so, aber erst nach
Zugwiederholung.}) 19... Qb2 20. Rb1 Qa2 21. Rxb7 $36 {[%csl Gb7] Das
Erscheinen des Turms auf der 7. Reihe ist sehr stark. Schwarz hat Probleme -
sein König findet keine Ruhe und seine Bauernstruktur bleibt sehr schlecht.}
Bf6 22. Rxc7 (22. Rxh5 $16) 22... Rb8 23. Rc2 Qa3 (23... Qxa4 $4 24. Rc8+ $18)
24. Rxh5 $16 Bd8 25. Rc3 Qa2 (25... Qb4 26. Rc8 Qb7 27. Rxb8 Qxb8 28. Qc1 $16)
26. Kf3 {[%csl Gf3] Der König geht aus der Fesselung und steht gar nicht
schlecht auf f3. Gleichzeitig wird Bd2 befreit.} Bb6 (26... Rb2 27. Be3 $16)
27. Qc2 Qa1 (27... Qxc2 28. Rxc2 $18 {[%csl Rh6]}) 28. Rc8+ Ke7 29. Rc7+ $1 $18
{[%mdl 128] Nach diesem Zug bekommt Weiß entscheidenden Angriff.} Kf8 (29...
Bxc7 30. Qxc7+ $18) 30. Bxh6+ Rxh6 31. Rxh6 Qf1 (31... Bxc7 32. Qxc7 $18) 32.
Rh8+ Kg7 33. Rxb8 Bxc7 34. Rb1 (34. Qxc7 Qxd3+ 35. Kg2 Qxe4+ 36. Kh2 $18) (34.
Rb1 Qh3 35. Qxc7 $18) 1-0

[Event "Hastings 9091"]
[Site "Hastings"]
[Date "1990.12.??"]
[Round "3"]
[White "King, Daniel J"]
[Black "Bareev, Evgeny"]
[Result "0-1"]
[WhiteElo "2560"]
[BlackElo "2590"]
[Annotator "Ribli,Z"]
[PlyCount "92"]
[EventDate "1990.12.??"]
[EventType "tourn"]
[EventRounds "14"]
[EventCountry "ENG"]
[EventCategory "13"]
[SourceTitle "CBM 022"]
[Source "ChessBase"]
[SourceDate "1991.06.01"]
[SourceVersion "1"]
[SourceVersionDate "1991.06.01"]
[SourceQuality "1"]

1. c4 e5 2. Nc3 Nf6 3. Nf3 Nc6 4. e3 Bb4 5. Qc2 O-O 6. Nd5 h6 $5 7. a3 Bd6 8.
b4 Nxd5 9. cxd5 Ne7 10. Bb2 Nxd5 11. Bc4 (11. Nxe5 $5) 11... Nb6 12. Ba2 Re8
13. g4 e4 14. g5 hxg5 15. h4 Be7 16. Qxe4 (16. hxg5 d5 $1) 16... d5 17. Qc2 g4
18. Ng5 f5 19. f3 Qd6 20. O-O-O a5 $1 21. b5 a4 22. fxg4 Bf6 23. Nf3 Bxb2+ 24.
Qxb2 fxg4 25. Nd4 Nd7 26. Nf5 Qc5+ 27. Kb1 Nf6 28. Nd4 Qd6 29. Rc1 Bd7 30. h5
c5 $1 31. bxc6 bxc6 32. Ka1 c5 33. Ne2 Rab8 34. Qc2 c4 35. h6 Qxa3 36. Rb1 Qd3
37. Qxd3 cxd3 38. Nf4 Rxb1+ 39. Kxb1 g5 40. Nxd5 Nxd5 41. Bxd5+ Be6 42. Bxe6+
Rxe6 43. Kb2 Kh7 44. Kc3 a3 45. Kxd3 g3 46. Ke2 Rf6 0-1

[Event "Vidmar Memorial 12th "]
[Site "Portoroz"]
[Date "1997.07.08"]
[Round "4"]
[White "Zvjaginsev, Vadim"]
[Black "Chernin, Alexander"]
[Result "1-0"]
[WhiteElo "2635"]
[BlackElo "2640"]
[Annotator "Ribli,Z"]
[PlyCount "101"]
[EventDate "1997.07.05"]
[EventType "tourn"]
[EventRounds "9"]
[EventCountry "SLO"]
[EventCategory "15"]
[SourceTitle "CBM 061"]
[Source "ChessBase"]
[SourceDate "1997.11.23"]
[SourceVersion "1"]
[SourceVersionDate "1997.11.23"]
[SourceQuality "1"]

1. c4 {Hecht Mikhalchishin} Nf6 2. Nc3 e5 3. Nf3 Nc6 4. d4 {Heutzutage ist
diese Variante wieder populär.Ribli.} exd4 5. Nxd4 Bb4 6. Bg5 {In dieser
Variante erleben wir lebendiges, taktisches Spiel. Was nicht gerade typisch
für die Englische Eröffnung ist.} h6 7. Bh4 O-O (7... Bxc3+ $5 8. bxc3 Ne5 9.
f4 Ng6 10. Bxf6 Qxf6 11. g3 Nf8 $1 12. Bg2 Ne6 13. O-O O-O 14. e4 d6 15. Qd2
Nc5 16. Rae1 Rb8 17. Re3 Bd7 18. Nb3 Nxb3 19. axb3 Bc6 20. Qd4 a6 21. Qxf6 {
1/2-1/2 Kramnik,V-Karpov,A/Las Palmas 1996}) 8. Rc1 Re8 (8... Ne5) 9. e3 (9.
Nxc6 bxc6 10. e3 Rb8 $1 11. Bd3 Bxc3+ 12. bxc3 c5 $1 13. O-O Bb7 14. Rb1 d6 (
14... g5 $5 15. Bg3 d6) 15. Bxf6 $1 Qxf6 16. Qa4 {1-0 Salov,V-Beliavsky,A/
Torneo Magistral 6th 1997 (50)}) (9. a3 Bc5 10. Nb3 Be7 11. e3 Ne5 12. Be2 d6
13. Nd4 c6 14. O-O d5 15. Bxf6 Bxf6 16. cxd5 cxd5 17. Qa4 Be6 {1/2-1/2 Yanin,
P-Dokuchaev,A/RUS-Cup8 1997}) 9... Nxd4 (9... Bxc3+ 10. Rxc3 g5 11. Nxc6 bxc6
12. Bg3 Ne4 13. Rc2 Qe7 14. Bd3 d6 15. O-O c5 16. Bxe4 Qxe4 17. Rc3 Rb8 {
1/2-1/2 Vokac,M-Plachetka,J/Frenstat CZE ch(15) 1982}) (9... d5 10. cxd5 (10.
Nxc6 bxc6 11. Be2 Rb8 12. O-O Bxc3 13. bxc3 Bf5 14. cxd5 cxd5 15. c4 d4 16.
exd4 Re4 17. Bg3 Rxd4 18. Qa4 Ne4 19. Qxa7 Nxg3 20. fxg3 Rb2 21. Bf3 Rdd2 22.
Rcd1 Be6 23. Rxd2 {1/2-1/2 Christiansen,L-Miralles,G/SUI-chT 1996 (34)}) 10...
Qxd5 11. Bxf6 gxf6 12. Nxc6 Qxc6 13. a3 Bxc3+ 14. Rxc3 Qb6 15. Qc2 Be6 16. Be2
$14) (9... d6) (9... Ne5) 10. Qxd4 c5 {Korchnoi} 11. Qd1 (11. Qd3 g5 12. Bg3 d5
) (11. Bxf6 $4 cxd4 12. Bxd8 dxc3 13. bxc3 Ba3 $19) 11... g5 12. Bg3 d5 13.
cxd5 Qxd5 14. Qxd5 (14. Qa4 Rd8 $1) 14... Nxd5 15. Bb5 Rd8 16. h4 (16. Ke2 $10)
(16. Ke2 $10) 16... Kg7 $146 {Das war bis jetzt alles Theorie. Der Zug des
Nachziehenden scheint auf den ersten Blick logisch, in Wirklichkeit aber fühlt
sich der schwarze König unsicher auf g7.Ribli.} (16... Bg4 17. f3 Bd7 18. Bxd7
Rxd7 19. hxg5 Bxc3+ 20. bxc3 Nxe3 21. Bf2 Nxg2+ 22. Kf1 Nf4 {1/2-1/2 Gelfand,
B-Kortschnoj,V/Koop Tjuchem Groningen 1996/CBM 57/[Gelfand] (30)} (22... Nf4 {
Hecht} 23. Rxh6 Rd3 24. Bxc5 Rxf3+ 25. Kg1 Re8 26. Bxa7 Nh3+ 27. Kh1 Nxg5 28.
Rb1 Kg7 29. Rh2 Kg6 30. Bd4 f6 31. a4 {1/2-1/2 Gelfand,B-Kortschnoj,V/Koop
Tjuchem Groningen 1996/CBM 57/[Gelfand]})) (16... Nxc3 17. bxc3 Ba3 18. Rd1 $10
) (16... g4 17. Ke2) 17. hxg5 hxg5 18. e4 Nxc3 (18... Nf4 $6 19. Bxf4 gxf4 20.
Rh4 {[%csl Rf4]}) 19. Be5+ $5 {Das ist der Nachteil des 16.Zuges von Schwarz.
Ribli.} f6 20. Bxc3 Bxc3+ 21. Rxc3 $14 Be6 (21... b6 22. b4 (22. Bc6 {
Mikhalchishin} Rb8 23. Bd5 $16) 22... cxb4 (22... Rd4 23. bxc5 Rxe4+ 24. Kd2
bxc5 25. Rxc5 Re7 26. Bd3 {Es ist interessant,das Weiss hat Angriff bei
reduziertem Material.Ribli.}) 23. Rc7+ {[%csl Rg7]} Kg6 24. Rhh7 $36) (21...
Rd4 22. Rxc5 (22. f3 b6 $11) 22... Rxe4+ 23. Kd2 Re7 24. Bd3 {[%csl Rg7]}) (
21... a6 22. Bd3 b6) (21... Rd4 $142 $1 {Mikhalchishin}) 22. Rxc5 Rac8 (22...
Bxa2 23. Rc7+ $16) 23. Rxc8 Rxc8 24. Kd2 $1 a6 (24... Bxa2 25. Ra1 Bc4 (25...
a6 26. Bxa6 bxa6 27. Rxa2 $16) (25... Bb3 {Mikhalchishin} 26. Rxa7 Rc2+ 27. Ke3
Rxb2 28. Rxb7+ $16) 26. Bxc4 (26. Rxa7 $2 Rd8+ $1 (26... Bxb5 27. Rxb7+ $18)
27. Ke3 Bxb5 28. Rxb7+ Bd7 $17) (26. Rc1 $2 Rd8+ $19) 26... Rxc4 27. Rxa7 Rxe4
(27... Rb4 28. Kc3 {Mit aktivem König und Turm steht Weiß klar besser, aber
sein Mehrbauer ist nicht so leicht zu verwerten.Ribli.}) 28. Rxb7+ $16 {
[%csl Rb2] Mit ernferntem Freibauern Weiss hat gute Gewinnchancen.Ribli.}) 25.
Bd3 Bxa2 {[#]} 26. e5 {[%csl Rg7] Mit diesem schönen Zug behält Weiß die
Initiative.Ribli.} Rd8 $6 {Droht 27...Bc4.Ribli.} (26... fxe5 $5 27. Rh7+ Kf6
28. Rxb7 {[%csl Ra6]} Bd5 29. Rb6+ Rc6 30. Rxc6+ Bxc6 31. Bxa6 Bxg2) 27. Ke3
Bf7 (27... fxe5 28. Rh7+ Kf6 29. Rxb7 {[%csl Ra6]} Bd5 30. Rb6+ Ke7 31. Rg6 $5)
(27... Re8 $14 {Mikhalchishin}) 28. exf6+ Kxf6 29. Rh6+ Ke5 30. Rb6 {[%csl Gb6,
Rb7] Der weiße Turm paralysiert die schwarze Stellung.Ribli.} Bd5 $6 (30... Rd7
31. Be4 (31. g3 Re7 (31... g4) 32. Be4 {[%csl Rb7]} Bd5 $2 33. f4+ gxf4+ 34.
gxf4#) (31. f3 Re7 32. g3 Be8 33. Be4 {[%csl Rb7,Re5]}) 31... Bd5) (30... Rb8
$2 31. Bxa6 $16) 31. Rg6 Rg8 32. Rxg5+ $1 Rxg5 33. f4+ Ke6 (33... Kf6 34. fxg5+
Kxg5 35. Be4 $16 {[%csl Gg2]}) 34. fxg5 {[#] Hecht: Outside White passed pawn,
fixing of the Black pawns on light squares, march of the White king to the
queenside with a pawn for booty, and the elementary endgame bishop-and-pawn
versus bishop (literature: Secrets of Minor-Piece Endings, J.Nunn) [#] Hecht:
Entfernter weißer Freibauer, Fixierung der schwarzen Bauern auf den hellen
Feldern, Marsch des weißen Königs zum Damenflügel mit Bauernbeute und dem
Elementarendspiel L+B gegen L (Literatur: Secrets of Minor-Piece Endings, J.
Nunn)} Bxg2 35. Kf4 Kf7 {Hecht:The transition into a pawn ending loses by a
hair's breadth: Hecht:Der Übergang ins Bauernendspiel verliert haarscharf:} (
35... a5 36. Be4 Bxe4 37. Kxe4 b5 (37... Kf7 {Hecht} 38. Kd5 Kg6 39. Kc5 Kxg5
40. Kb6 Kf4 41. Kxb7 Ke4 42. Kb6 a4 (42... Kd4 43. Kxa5 Kc4 44. b4 $18) 43. Kb5
Kd5 (43... a3 44. bxa3 Kd5 45. a4 Kd6 46. Kb6 Kd7 47. Kb7 $18) 44. Kxa4 Kc6 45.
Ka5 Kb7 46. Kb5 $18) 38. Kd4 {[%csl Gg5]} Kf5 39. Kc5 Kxg5 40. Kxb5 $18) (35...
b5 36. b4 (36. Be4 Bxe4 37. Kxe4)) 36. b4 {Hecht:prevents ...b6 and ...a5
Hecht:verhindert b6 und a5} Kg7 (36... Bc6 {Hecht} 37. Ke5 Bb5 38. Bxb5 axb5
39. Kd5 Kg6 40. Kc5 Kxg5 41. Kxb5 Kf5 42. Kb6 Ke5 43. Kxb7 Kd5 44. b5 $18) (
36... Bh3 {Hecht} 37. Ke5 Bc8 38. Kd6 b6 39. Kc7 a5 40. Kxc8 axb4 41. Kc7 $18)
37. Ke5 $1 (37. Be4 $2 Bxe4 38. Kxe4 Kg6 39. Kd5 b6 $1 (39... Kxg5 40. Kc5 Kf5
41. Kb6 Ke5 42. Kxb7 Kd6 43. Kxa6 Kc7 44. Ka7 $18) 40. Kc6 a5 $11) 37... Bh1
38. Kd6 {[%csl Gd3,Gg5,Rg7] Schöne Koordination der Figuren. Der schwarze
König bleibt passiv.Ribli.} Bf3 39. Kc7 Bg2 40. Kb6 Bf3 {Schwarz kann zu
seinem Unglück nur warten.} 41. Bf5 {[%cal Rf5c8,Rc8a6]} Kf7 42. Bc8 Kg6 43.
Bxb7 Bd1 44. Kxa6 Kxg5 {[#] Hecht: see also J. Nunn: page 176, diagrams 247
and 248. [#] Siehe auch in J.Nunn: Seite 176/Diagramme 247+248} 45. Ka5 $1 (45.
b5 $4 Be2 $11) 45... Kf6 $4 (45... Be2 $142 $1 46. Ba6 Bf3 $1 47. b5 Kf6 $1 48.
b6 Ke7 $1 49. Bc8 Kd8 $1 50. Bf5 $11 {Wie die Endspiel CD-2 zeigt, hält nun
sowohl} Bb7 ({als auch} 50... Be2 {remis.})) 46. b5 {Es ist interessant, daß
Schwarz in diesem Endspiel verloren ist, da er nicht dazu kommt, seinen Läufer
für den Bauern zu geben.Ribli.} Be2 47. b6 $18 Ke7 48. Bc6 Kd6 (48... Kd8 {
Hecht} 49. Bb5 Bf3 50. Ka6 Kc8 51. Ka7 Bg2 52. Ba6+ Kd8 53. Bb7 Bh3 54. Bc6 Bc8
55. Bb5 $18) 49. Bb5 Bf3 50. Ka6 Kc5 (50... Be4 51. Ka7 Bf3 52. Ba6 Be4 53. Bb7
Bf5 54. Bf3 Bc8 55. Bg4 Bxg4 56. b7 $18) 51. Bf1 {Schwarz gab auf. Weiß
gewinnt forciert mit dem Läufermanöver:} (51. Bf1 Be4 (51... Kb4 52. Ka7 Ka5
53. Ba6 Bg2 54. Bb7 Bf1 55. Be4 Ba6 56. Bf5 $22 $18 (56. Bd3 Bc8 57. Be2 $22
Kb4 58. Ba6 $18)) 52. Ka7 Bf3 (52... Kb4 {Hecht} 53. Ba6 Ka5 54. Bb7 Bf5 55.
Bf3 Bc8 56. Bg4 Ba6 57. Bd7 $18) 53. Bh3 Be4 54. Bc8 Bf3 55. Bb7 Bg4 56. Be4
Bc8 57. Bf5 $18) 1-0

[Event "Groningen op"]
[Site "Groningen"]
[Date "1990.??.??"]
[Round "2"]
[White "Cifuentes Parada, Roberto"]
[Black "Epishin, Vladimir"]
[Result "0-1"]
[WhiteElo "2480"]
[BlackElo "2590"]
[Annotator "Ribli,Z"]
[PlyCount "74"]
[EventDate "1990.??.??"]
[EventType "swiss"]
[EventRounds "9"]
[EventCountry "NED"]
[SourceTitle "CBM 022"]
[Source "ChessBase"]
[SourceDate "1991.06.01"]
[SourceVersion "1"]
[SourceVersionDate "1991.06.01"]
[SourceQuality "1"]

1. c4 Nf6 2. Nc3 e5 3. Nf3 Nc6 4. e4 Bb4 5. d3 h6 $5 6. g3 O-O 7. Bg2 d6 8. O-O
Bc5 9. h3 Nd4 10. Nxd4 (10. Be3 $5 Nxf3+ 11. Qxf3) 10... Bxd4 11. Kh2 Nh7 12.
Qe2 c6 13. Be3 Qb6 14. Rae1 Bd7 15. Qd2 Rae8 16. f4 Bxe3 17. Rxe3 exf4 18. gxf4
f5 $1 19. d4 fxe4 20. Nxe4 Qc7 21. c5 dxc5 22. dxc5 Rxf4 23. Nd6 Rxf1 24. Bxf1
Ng5 $1 25. Bc4+ Kh8 26. Qe2 Rxe3 27. Qxe3 Be6 $1 28. h4 (28. Bxe6 Qe7) 28...
Nf3+ $1 29. Qxf3 Bxc4 30. Qf8+ Kh7 31. b3 Bd5 32. Qf5+ Kg8 33. h5 b5 34. Kg3 a5
35. Kf4 b4 36. Qe5 Qd8 37. Nf5 $2 Qg5# 0-1

[Event "OHRA-B"]
[Site "Amsterdam"]
[Date "1990.??.??"]
[Round "4"]
[White "Dorfman, Josif D"]
[Black "Hansen, Curt"]
[Result "1/2-1/2"]
[WhiteElo "2580"]
[BlackElo "2560"]
[Annotator "Ribli,Z"]
[PlyCount "128"]
[EventDate "1990.07.??"]
[EventType "swiss"]
[EventRounds "9"]
[EventCountry "NED"]
[SourceTitle "CBM 020"]
[Source "ChessBase"]
[SourceDate "1991.02.01"]
[SourceVersion "1"]
[SourceVersionDate "1991.02.01"]
[SourceQuality "1"]

1. c4 e5 2. Nc3 Nf6 3. Nf3 Nc6 4. e3 Bb4 5. Qc2 O-O 6. Nd5 a5 (6... Re8 7. Bd3
g6 8. a3 Bf8 9. Nxf6+ Qxf6 10. Be4 d6 11. b4 Qd8 {Illescas Cordoba,M-Ye
Rongguang Manila izt 1990 CBM/19}) 7. a3 Bc5 8. Be2 (8. Ng5 g6 9. Nxf6+ Qxf6
10. Ne4 Qe7 11. Be2 d6 12. b3 {Adorjan-Timman Amsterdam 1978}) 8... h6 9. O-O
d6 10. Nc3 Bg4 11. h3 Bh5 12. d3 Re8 13. b3 Qd7 14. Bb2 Ne7 15. Rad1 Bg6 16.
Qc1 c6 17. d4 exd4 18. Nxd4 Qc7 19. Bf3 Rad8 20. Nce2 Nd7 21. Ng3 Bb6 22. Be4
Bxe4 23. Nxe4 Bxd4 $5 24. Bxd4 Nf5 25. Qc2 Nxd4 26. Rxd4 Nc5 27. Ng3 Ne6 28.
Rd2 d5 29. cxd5 Rxd5 30. Rxd5 cxd5 31. Qxc7 Nxc7 32. Rd1 g6 33. Ne2 Kf8 34. Nc3
Rd8 35. Rd4 Ke7 36. b4 b6 (36... axb4 $2 37. Rxb4 Rb8 38. Rb6 $16) 37. g4 Ke6
38. Kg2 axb4 39. Rxb4 Rd6 40. Ne2 Kd7 41. h4 Ne6 42. h5 gxh5 43. gxh5 Ke7 44.
Nc3 d4 45. exd4 Nxd4 46. Rxb6 Rxb6 47. Nd5+ Ke6 48. Nxb6 Kf5 49. Nc4 Kg4 50.
Ne5+ Kxh5 51. Nxf7 Kg6 52. Ne5+ Kf5 53. Nf3 Ne6 54. Kg3 Ke4 55. Ne1 Kd4 56. f4
Kc3 57. f5 Ng7 58. Kf4 Kb3 59. Nc2 Ne8 60. Ke5 h5 61. Kf4 h4 62. Nd4+ Kxa3 63.
Kg4 h3 64. Kxh3 Nd6 {65.f6 Ne4 66.f7 Ng5+ =} 1/2-1/2

[Event "Koop Tjuchem"]
[Site "Groningen"]
[Date "1996.??.??"]
[Round "8"]
[White "Van Wely, Loek"]
[Black "Sokolov, Ivan"]
[Result "1-0"]
[WhiteElo "2605"]
[BlackElo "2670"]
[Annotator "Ribli,Z"]
[PlyCount "81"]
[EventDate "1996.12.20"]
[EventType "tourn"]
[EventRounds "11"]
[EventCountry "NED"]
[EventCategory "16"]
[SourceTitle "CBM 057"]
[Source "ChessBase"]
[SourceDate "1997.04.01"]
[SourceVersion "1"]
[SourceVersionDate "1997.04.01"]
[SourceQuality "1"]

1. c4 e5 2. Nc3 Nf6 3. Nf3 Nc6 4. e3 Be7 {Eine seltene - aber nicht schlechte
- Fortsetzung. Üblicher ist 4...Bb4. Ribli.} 5. a3 O-O 6. Qc2 {Weiss wartet
auf 6...d5, denn nach 7.exd5 Nxd5 spielt er mit Mehrtempo eigentlich die
Paulsen-Variante der Sizilianischen Verteidigung.Ribli.} Re8 7. b4 $5 (7. d3 d6
8. Be2 Bf8 9. b4 Bf5 10. b5 Nb8 11. h3 Nbd7 12. g4 Bg6 13. Nh4 Nc5 $13 {
Paehtz-Smejkal,J/Altensteig/1990/}) 7... Bf8 8. Bb2 d6 9. Bd3 {Ein auf den
ersten Blick ungewöhnlicher Versuch. Jetzt,oder später muß Schwarz die Drohung
Nd5 sehen.Ribli.} g6 10. Rc1 $6 (10. O-O) (10. h3) 10... a5 (10... Bg4) (10...
Bg7) 11. b5 Nb8 12. O-O Nbd7 13. Qb1 Nc5 14. Bc2 Be6 (14... e4 $2 15. Nd4 {
Und Weiß plant f2-f3. Danach hätte er eine gefährliche Angriffstellung am
Königsflügel.Ribli.}) 15. d3 Bh6 (15... Bg7) 16. h3 (16. a4) 16... a4 $5 $13 {
Schwarz hat eine aktive Stellung, aber in einigen Varianten kann der Pa4
schwach sein. Die Stellung hat einen ungewöhnlichen Charakter. Ribli.} 17. Rcd1
(17. Rfd1 $5) (17. Rfe1) 17... e4 18. dxe4 Bxc4 19. Rfe1 Qe7 20. Rd4 Bb3 21.
Nd2 Bg7 22. Rb4 c6 23. Rc1 Bxc2 24. Qxc2 Nfd7 25. Rd1 (25. Nxa4 Bxb2 26. Nxc5 (
26. Nxb2 Rxa3 $13) 26... Bxc1) 25... Ne5 26. Nc4 Nxc4 27. Rxc4 Qe6 28. Rb4 Rec8
(28... h5 29. bxc6 bxc6 30. Nxa4 Nxa4 31. Bxg7 Kxg7 32. Rxa4 Rxa4 33. Qxa4 Qxe4
34. Qxe4 Rxe4 35. Rxd6 Ra4 36. Rd3 $16) 29. bxc6 bxc6 30. Nxa4 Rxa4 (30... Nxa4
31. Bxg7 Kxg7 32. Rxa4) (30... Bxb2 31. Nxc5 dxc5 32. Rxb2 Rxa3 33. Qxc5 Ra4
34. f3 $16) 31. Bxg7 Rxb4 32. axb4 Qxe4 $2 (32... Nxe4 $14) 33. Qc3 Ne6 34. Bf6
$16 d5 35. f3 Qf5 (35... Qc4 36. Qxc4 dxc4 37. Rc1 $16) 36. Kf2 $1 c5 (36... g5
37. g4 Qg6 38. Rxd5 $1) (36... Qh5 $5 37. b5 d4 38. exd4 Qxb5 39. d5 Qc5+ $2 (
39... Nc5 40. Bh8 f6 41. Bxf6 (41. Qxf6 Qb7) 41... cxd5) 40. Qxc5 Nxc5 41. dxc6
Ne6 42. Rd6) (36... h5 37. g4 hxg4 38. hxg4 $18) 37. g4 $18 d4 38. gxf5 dxc3
39. fxe6 c2 40. Rc1 cxb4 41. e7 {Und Schwarz gab auf, weil Weiß eine Figur im
Vorteil ist.Ribli.} 1-0

[Event "Hastings 9192"]
[Site "Hastings"]
[Date "1991.??.??"]
[Round "5"]
[White "Agdestein, Simen"]
[Black "Adams, Michael"]
[Result "1/2-1/2"]
[WhiteElo "2590"]
[BlackElo "2615"]
[Annotator "Ribli,Z"]
[PlyCount "75"]
[EventDate "1991.12.??"]
[EventType "tourn"]
[EventRounds "14"]
[EventCountry "ENG"]
[EventCategory "14"]
[SourceTitle "CBM 027"]
[Source "ChessBase"]
[SourceDate "1992.04.01"]
[SourceVersion "1"]
[SourceVersionDate "1992.04.01"]
[SourceQuality "1"]

1. c4 Nf6 2. Nc3 e5 3. Nf3 Nc6 4. e3 Bb4 5. Qc2 Bxc3 6. Qxc3 Qe7 7. a3 a5 (7...
d5 8. cxd5 Nxd5 9. Qb3 $5 Nb6 10. d3 Bg4 11. Be2 O-O 12. h3 Bh5 13. g4 Bg6 14.
e4 Kh8 15. Be3 Rfd8 16. Qc2 a5 17. h4 h5 18. gxh5 Bxh5 19. Ng5 $14 {Rivas
Pastor,M-Kortschnoj,V Salamanca 1991 CBM/23}) 8. b4 $5 (8. b3 d5 9. d4 exd4 10.
Nxd4 Ne5 11. cxd5 Nxd5 12. Qc2 O-O 13. Be2 Qg5 14. g3 Ng4 15. O-O Qh5 16. h4
Qe5 17. Bc4 $13 {King,D-Miralles,G Genf-A 1990 CBM/21}) 8... axb4 9. axb4 Rxa1
10. Qxa1 e4 11. b5 exf3 12. bxc6 fxg2 13. cxd7+ Nxd7 14. Bxg2 O-O 15. O-O c5
16. f4 Rd8 17. Qa5 Nf6 18. Ba3 b6 19. Qxb6 Rxd2 20. Qxc5 Qe8 21. Qe7 (21. Bf3
$5) 21... Rxg2+ 22. Kxg2 Qc6+ 23. Kf2 h5 24. Rg1 Ng4+ 25. Kg3 Nh6 26. e4 Qb6
27. Qc5 (27. Qf8+ $5 Kh7 28. Qc5) 27... Qb3+ 28. Kf2 Ng4+ 29. Ke1 Qc3+ 30. Kd1
Be6 31. Rg3 Ne3+ $1 32. Rxe3 Bg4+ 33. Re2 Qd3+ 34. Kc1 Bxe2 35. Qc8+ Kh7 36.
Qf5+ Kg8 37. Qc8+ Kh7 38. Qf5+ 1/2-1/2

[Event "Tilburg"]
[Site "Tilburg"]
[Date "1990.09.16"]
[Round "8"]
[White "Seirawan, Yasser"]
[Black "Ivanchuk, Vassily"]
[Result "1/2-1/2"]
[WhiteElo "2635"]
[BlackElo "2680"]
[Annotator "Ribli,Z"]
[PlyCount "63"]
[EventDate "1990.09.??"]
[EventType "tourn"]
[EventRounds "14"]
[EventCountry "NED"]
[EventCategory "16"]
[SourceTitle "CBM 020"]
[Source "ChessBase"]
[SourceDate "1991.02.01"]
[SourceVersion "1"]
[SourceVersionDate "1991.02.01"]
[SourceQuality "1"]

1. c4 e5 2. Nc3 Nf6 3. Nf3 Nc6 4. e3 Bb4 5. Nd5 Bd6 $5 6. d4 exd4 7. Nxd4 Nxd5
8. cxd5 Nxd4 9. Qxd4 O-O 10. Bd2 Re8 11. Bc3 Be5 12. Qc4 d6 13. Be2 Bd7 14.
Bxe5 Rxe5 15. Bf3 c5 $5 16. dxc6 Bxc6 17. Bxc6 Rc5 18. Qd4 Rxc6 19. O-O Qb6 20.
Rfd1 Qxd4 21. Rxd4 Rac8 22. Kf1 Rc2 23. Rb1 R8c5 24. Rxd6 h5 25. a4 Rf5 26. f4
g5 27. Rd4 gxf4 28. exf4 Rf6 29. Kg1 h4 30. Rf1 Rg6 31. Rf2 Rc1+ 32. Rf1
1/2-1/2